|
|
|
|
| LEADER |
03027nam a2200505 4500 |
| 001 |
978-3-319-78334-5 |
| 003 |
DE-He213 |
| 005 |
20191027152623.0 |
| 007 |
cr nn 008mamaa |
| 008 |
180522s2019 gw | s |||| 0|eng d |
| 020 |
|
|
|a 9783319783345
|9 978-3-319-78334-5
|
| 024 |
7 |
|
|a 10.1007/978-3-319-78334-5
|2 doi
|
| 040 |
|
|
|d GrThAP
|
| 050 |
|
4 |
|a JK1-9993
|
| 072 |
|
7 |
|a JP
|2 bicssc
|
| 072 |
|
7 |
|a POL040000
|2 bisacsh
|
| 072 |
|
7 |
|a JP
|x 1KBB
|2 thema
|
| 082 |
0 |
4 |
|a 320.973
|2 23
|
| 100 |
1 |
|
|a Volle, Jeffrey J.
|e author.
|4 aut
|4 http://id.loc.gov/vocabulary/relators/aut
|
| 245 |
1 |
0 |
|a Donald Trump and the Know-Nothing Movement
|h [electronic resource] :
|b Understanding the 2016 US Election /
|c by Jeffrey J. Volle.
|
| 250 |
|
|
|a 1st ed. 2019.
|
| 264 |
|
1 |
|a Cham :
|b Springer International Publishing :
|b Imprint: Palgrave Pivot,
|c 2019.
|
| 300 |
|
|
|a XIII, 123 p. 14 illus.
|b online resource.
|
| 336 |
|
|
|a text
|b txt
|2 rdacontent
|
| 337 |
|
|
|a computer
|b c
|2 rdamedia
|
| 338 |
|
|
|a online resource
|b cr
|2 rdacarrier
|
| 347 |
|
|
|a text file
|b PDF
|2 rda
|
| 505 |
0 |
|
|a 1. Introduction -- 2. The Original Know-Nothing's -- 3. Our 13th President now a Know-Nothing! -- 4. Trump '68 -- 5. Obama and the Resurrection of the Know Nothing -- 6. The World is Watching-Again! -- 7. Conclusions.
|
| 520 |
|
|
|a Historically, segments of white Americans have let racist paranoia supersede judicious reasoning throughout our history. The 2016 Presidential election in the United States brought the Know-Nothing's back from the hidden depths of our history books. This book provides a historical account of the Know-Nothing Party in the 1850s through their reemergence in the 21st century with the election of Donald Trump. Analyzing the anti-immigration and anti-Catholic rhetoric of the Know-Nothing movement and tracing that same rhetoric in George Wallace's American Independent Party in the '60s, up into its appearance in the Trump movement, this book provides a guide for understanding the 2016 Republican Party agenda through its inheritance from the Know-Nothing Movement.
|
| 650 |
|
0 |
|a United States-Politics and government.
|
| 650 |
|
0 |
|a World politics.
|
| 650 |
|
0 |
|a Elections.
|
| 650 |
|
0 |
|a Political leadership.
|
| 650 |
1 |
4 |
|a US Politics.
|0 http://scigraph.springernature.com/things/product-market-codes/911180
|
| 650 |
2 |
4 |
|a Political History.
|0 http://scigraph.springernature.com/things/product-market-codes/911080
|
| 650 |
2 |
4 |
|a Electoral Politics.
|0 http://scigraph.springernature.com/things/product-market-codes/911070
|
| 650 |
2 |
4 |
|a Political Leadership.
|0 http://scigraph.springernature.com/things/product-market-codes/911230
|
| 710 |
2 |
|
|a SpringerLink (Online service)
|
| 773 |
0 |
|
|t Springer eBooks
|
| 776 |
0 |
8 |
|i Printed edition:
|z 9783319783338
|
| 776 |
0 |
8 |
|i Printed edition:
|z 9783319783352
|
| 776 |
0 |
8 |
|i Printed edition:
|z 9783030086787
|
| 856 |
4 |
0 |
|u https://doi.org/10.1007/978-3-319-78334-5
|z Full Text via HEAL-Link
|
| 912 |
|
|
|a ZDB-2-POS
|
| 950 |
|
|
|a Political Science and International Studies (Springer-41174)
|